Guess the Year the Movie Came Out #2 - Statistics

General Stats
  • This quiz has been taken 34 times
  • The average score is 23 of 32
Answer Stats
Movie Year % Correct
Forrest Gump 1994
96%
La La Land 2016
96%
American Beauty 1999
93%
Interstellar 2014
93%
Gladiator 2000
89%
Clueless 1995
86%
Lilo and Stitch 2002
86%
Knives Out 2019
86%
Armageddon 1998
82%
Bruce Almighty 2003
82%
Juno 2007
82%
Up 2009
82%
Frozen 2013
82%
Avengers: Age of Ultron 2015
82%
Edward Scissorhands 1990
79%
Matilda 1996
79%
Philadelphia 1993
75%
Napoleon Dynamite 2004
71%
When Harry Met Sally... 1989
68%
Corpse Bride 2005
68%
Milk 2008
68%
Rango 2011
68%
Ready Player One 2018
64%
Hamilton 2020
57%
Good Burger 1997
54%
The Pursuit of Happyness 2006
54%
Shallow Hal 2001
50%
Moonrise Kingdom 2012
50%
My Girl 1991
46%
Wonder 2017
43%
Far and Away 1992
32%
Flipped 2010
29%
No matching quizzes found
Score Distribution
Percent of People with Each Score
Percentile by Number Answered
Your Score History
You have not taken this quiz